Take Up Crochet
| Main Author: | |
|---|---|
| Format: | Book |
| Published: |
London :
Merehurst Limited ,
1994
|
| Subjects: |
MARC
| LEADER | 00000cam a2200000 7i4500 | ||
|---|---|---|---|
| 001 | 0000006488 | ||
| 002 | 000007000 | ||
| 005 | 20000330.0 | ||
| 020 | |a 185391200X | ||
| 090 | 0 | 0 | |a 746.434 |b WHI |
| 100 | 1 | |a Whiting, Sue | |
| 245 | 1 | 0 | |a Take Up Crochet |c Sue Whiting |
| 260 | |a London : |b Merehurst Limited , |c 1994 | ||
| 300 | |a 72p. ; |c 24cm. | ||
| 650 | 0 | 0 | |a Crocheting |x Needlework |
| 999 | |a 038046 |b BUKU |c PINJAMAN |e PERPUSTAKAAN KOMUNITI PETALING JAYA | ||